Harry Potter Marauder's Map Incantation Quiz Stats

 Plays Quiz Updated Oct 19, 2016

Score 0/10 Timer 00:30
7 Plays Today
% Correct
I
99.6%
I
97.8%
swear
91.7%
up
88.2%
to
87.9%
am
87.9%
no
87%
good.
85.1%
that
84.1%
solemnly
79%

You're not logged in!

Compare scores with friends on all Sporcle quizzes.
OR
Log In

Show Comments

Extras

Top Quizzes Today


Score Distribution

Your Account Isn't Verified!

In order to create a playlist on Sporcle, you need to verify the email address you used during registration. Go to your Sporcle Settings to finish the process.

Report this User

Report this user for behavior that violates our Community Guidelines.

Details: